Стихотворения и поэмы / (Record no. 523018)
[ view plain ]
| 000 -LEADER | |
|---|---|
| fixed length control field | 01209nam a2200241 u 4500 |
| 003 - CONTROL NUMBER IDENTIFIER | |
| control field | AM-YEHGA |
| 005 - DATE AND TIME OF LATEST TRANSACTION | |
| control field | 20250618080038.0 |
| 008 - FIXED-LENGTH DATA ELEMENTS--GENERAL INFORMATION | |
| fixed length control field | 111212s1969 ru |||||r|||||||||p|rus|| |
| 040 ## - CATALOGING SOURCE | |
| Original cataloging agency | AM-YeHGA |
| 041 1# - LANGUAGE CODE | |
| Language code of text/sound track or separate title | rus |
| Language code of original | arm |
| 001 - CONTROL NUMBER | |
| control field | 1314203 |
| 090 ## - LOCALLY ASSIGNED LC-TYPE CALL NUMBER (OCLC); LOCAL CALL NUMBER (RLIN) | |
| -- | 526623 |
| 100 1# - MAIN ENTRY--PERSONAL NAME | |
| Personal name | Թումանյան, Հովհաննես Երանոսի, |
| Dates associated with a name | 1904-1968 |
| 9 (RLIN) | 1107 |
| 245 10 - TITLE STATEMENT | |
| Title | Стихотворения и поэмы / |
| Statement of responsibility, etc. | Ованес Туманян ; Вступ. статья, сост. и примеч. К. Н. Григорьяна. |
| 260 ## - PUBLICATION, DISTRIBUTION, ETC. | |
| Place of publication, distribution, etc. | Ленинград : |
| Name of publisher, distributor, etc. | Сов. писатель. Ленингр. отд-ние, |
| Date of publication, distribution, etc. | 1969. |
| 300 ## - PHYSICAL DESCRIPTION | |
| Extent | 332 с., 1 л. портр. ; |
| Dimensions | 21 см. |
| 490 1# - SERIES STATEMENT | |
| Series statement | Б-ка поэта. Большая серия. 2-е издание / Ред. коллегия В. Н. Орлов (глав. ред.) и др. |
| 650 14 - SUBJECT ADDED ENTRY--TOPICAL TERM | |
| Topical term or geographic name entry element | Армянская литература |
| General subdivision | Поэзия |
| 650 14 - SUBJECT ADDED ENTRY--TOPICAL TERM | |
| Topical term or geographic name entry element | Армянская поэзия |
| 700 1# - ADDED ENTRY--PERSONAL NAME | |
| Personal name | Григорьян, К. Н. |
| Relator term | вст. ст., сост. |
| Relationship | aui |
| -- | com |
| 830 #0 - SERIES ADDED ENTRY--UNIFORM TITLE | |
| Uniform title | Б-ка поэта. Большая серия. 2-е издание / Ред. коллегия В. Н. Орлов (глав. ред.) и др. |
| 942 ## - ADDED ENTRY ELEMENTS (KOHA) | |
| Source of classification or shelving scheme | Universal Decimal Classification |
| Koha item type | Գրքեր / Books |
| Withdrawn status | Lost status | Damaged status | Not for loan | Collection | Home library | Current library | Date acquired | Total checkouts | Full call number | Barcode | Date last seen | Price effective from | Koha item type | Public note |
|---|---|---|---|---|---|---|---|---|---|---|---|---|---|---|
| Gagik Sargsyan Individual Collection | Fundamental Scientific Library | Fundamental Scientific Library | 12/01/2022 | ГСарг/300 | FL0668970 | 12/01/2022 | 12/01/2022 | Գրքեր / Books | ILL Non-Circ. |
ՀՀ Գիտությունների ազգային ակադեմիայի հիմնարար գիտական գրադարան = Fundamental Scientific Library of NAS RA
All site content, except where otherwise noted, is licensed under a